Fr. Conceicao Rodrigues College of Engineering

Write TSRS Now (Record no. 30999)

MARC details
000 -LEADER
fixed length control field 00267nam a2200133Ia 4500
082 ## - DEWEY DECIMAL CLASSIFICATION NUMBER
Classification number 5.1
Item number PAN
100 ## - MAIN ENTRY--PERSONAL NAME
Personal name Jim Ras
245 ## - TITLE STATEMENT
Title Write TSRS Now
260 ## - PUBLICATION, DISTRIBUTION, ETC.
Name of publisher, distributor, etc. B.P.B. Pub
Place of publication, distribution, etc. New Delhi
Date of publication, distribution, etc. 1994
546 ## - LANGUAGE NOTE
Language note ENGLISH
654 ## - SUBJECT ADDED ENTRY--FACETED TOPICAL TERMS
Focus term Computer
942 ## - ADDED ENTRY ELEMENTS (KOHA)
Koha item type BOOK
Holdings
Withdrawn status Lost status Damaged status Not for loan Collection Home library Current library Date acquired Source of acquisition Cost, normal purchase price Total Checkouts Full call number Barcode Date last seen Cost, replacement price Price effective from Koha item type
        CRC Fr. Agnel's C.Rodrigues College of Engineering Fr. Agnel's C.Rodrigues College of Engineering 17/03/2023 Progressive Books 54.00   5.1 PAN 5846 17/03/2023 54.00 17/03/2023 BOOK